Statistics for 2023 World Baseball Classic Teams

Click here to take the quiz!

General Stats

  • This quiz has been taken 134 times
  • The average score is 15 of 20

Answer Stats

Answer% Correct
United States
99%
Japan
94%
Mexico
94%
Dominican Republic
90%
China
89%
Canada
88%
Venezuela
87%
Cuba
85%
Great Britain
80%
Puerto Rico
76%
Australia
75%
Korea
74%
Colombia
71%
Italy
70%
Netherlands
67%
Israel
65%
Panama
65%
Chinese Taipei
61%
Nicaragua
61%
Czech Republic
59%

Score Distribution

Percentile by Number Answered

Percent of People with Each Score

Your Score History

You have not taken this quiz